Riadenie znalostí v stavebných podnikoch

Informačno-komunikačné technológie a ich úloha pri riadení podnikových znalostí. Prístupy k tvorbe systémov manažmentu znalostí. Pohľad do praxe slovenského stavebníctva - výsledky dotazníkového výskumu.

Saved in:
Bibliographic Details
Main Author: Mesároš, František
Other Authors: Mesároš, Peter
Format: Book Chapter
Language:Slovak
Subjects:
Tags: Add Tag
No Tags, Be the first to tag this record!

MARC

LEADER 00000naa$a2200000$$$4500
001 0094813
005 20240502083240.7
041 0 |a slo 
044 |a CZ 
245 1 0 |a Riadenie znalostí v stavebných podnikoch  |c František Mesároš, Peter Mesároš 
520 |a Informačno-komunikačné technológie a ich úloha pri riadení podnikových znalostí. Prístupy k tvorbe systémov manažmentu znalostí. Pohľad do praxe slovenského stavebníctva - výsledky dotazníkového výskumu. 
610 2 0 |a riadenie znalostí 
610 2 0 |a manažment 
610 2 0 |a technológie informačné 
610 2 0 |a technológie komunikačné 
610 2 0 |a stavebníctvo 
610 2 0 |a výskum 
100 1 |a Mesároš, František 
700 1 |a Mesároš, Peter